000 00464nam a2200181Ia 4500
001 56212
008 130219n ii |||gr||||Z||||||asm
082 _a891.41308
245 0 _aError of Judgement
_cHenry Denkar
_hTextual Documents
250 _aFirst--2007.
260 _aSilpukhari:
_bHirenmoyee Devi.
300 _a316pg:
_c23cm.
653 _aAssamese
653 _aG-Assamese
653 _aerror of Judgement
700 _aDenkar,Henry.
942 _2ddc
_cBK
999 _c56136
_d56136